| 000 | 01510nam a2200301 i 4500 | ||
|---|---|---|---|
| 003 | EG-GICUC | ||
| 005 | 20260503215724.0 | ||
| 008 | 260503s2006 ua a|||f |||| 00| 0bara d | ||
| 040 |
_a EG-GICUC _bara _c EG-GICUC _d EG-GICUC _erda |
||
| 041 | _aara | ||
| 082 | 0 | 4 |
_221 _a345.632 _bح ا . ط |
| 092 | 0 | 4 | _221 |
| 099 | _aLaw1 07 345.632 ح ا . ط 2006 0704313 C1 | ||
| 100 | 0 |
_aحامد الشريف _eمؤلف. |
|
| 245 | 1 | 2 |
_aالطعن في القرارات الإدارية فى المبانى أمام محاكم مجلس الدولة / _cتأليف دكتور حامد الشريف. |
| 264 | 1 |
_aالاسكندرية : _bالمكتبة العالمية, _c2006. |
|
| 300 |
_a930 صفحة : _bإيضاحيات ؛ _c24 سم. |
||
| 336 |
_2rda content _atext |
||
| 337 |
_2rda media _aComputer |
||
| 338 |
_2rda carrier _aOnline Resource |
||
| 504 | _aيشتمل على إرجاعات ببليوجرافية | ||
| 505 | _aالطعن في قرارات الإزالة والتصحيحالطعن في قرارات الوقف والإستكمال الطعن في قرارات الهدم والإخلاء مواعيد الطعن وأسبابه وإجراءاته في قانون المباني وبعض القوانين المتصلة بالمباني | ||
| 546 | _aالنص باللغة العربية | ||
| 650 | 1 | 4 |
_aبطلان القرار الإداري _xالقانون الإداري |
| 856 | 4 | 0 | _uhttps://fll.law.cu.edu.eg/fulltext/bks/B07-04313.pdf |
| 905 | _a164 | ||
| 942 |
_2ddc _cBK _e21 _n0 |
||
| 999 |
_c75396 _d75396 |
||